Poskytovanie vybranej trhovej služby v SR a EÚ bakalárska práca

Gespeichert in:
Bibliographische Detailangaben
1. Verfasser: Dénešová, Nikola
Körperschaft: Obchodná fakulta EU. Katedra služieb a cestovného ruchu - zrušené
Weitere Verfasser: Kovaříková, Barbora
Format: Buch
Sprache:Slowakisch
Veröffentlicht: Bratislava 2012
Tags: Tag hinzufügen
Keine Tags, Fügen Sie das erste Tag hinzu!

MARC

LEADER 00000nbm a2200000 4500
001 0154442
005 20161109111844.2
041 0 |a slo 
044 |a SK 
245 1 0 |a Poskytovanie vybranej trhovej služby v SR a EÚ  |b bakalárska práca  |c Nikola Dénešová ; školiteľ: Barbora Kovaříková 
264 1 |a Bratislava  |c 2012 
300 |a 47 s. 
100 1 |a Dénešová, Nikola 
700 1 |a Kovaříková, Barbora 
710 2 |a Obchodná fakulta EU. Katedra služieb a cestovného ruchu - zrušené